Alcohol Brands - Statistics

General Stats
  • This quiz has been taken 231 times
  • The average score is 2 of 35
Answer Stats
Answer % Correct
Jack Daniels
69%
Smirnoff
44%
Heineken
35%
Malibu
20%
Baileys
14%
Absolut vodka
13%
Gordons
10%
Jaegermeister
4%
Barcadi
2%
Glenfiddich
2%
Amarula
1%
Ballentines
1%
Black and White
1%
Busaa
1%
Chang'aa
1%
Grants
1%
Pilsner
1%
Balozi
0%
Best
0%
Chrome
0%
Konyagi
0%
Flirt vodka
0%
General Meakins
0%
Generous
0%
Gilbeys
0%
Hunter's Choice
0%
Jamesons
0%
KC
0%
Kenya Cane
0%
Top Secret
0%
Tukser
0%
Viceroy
0%
White Cap
0%
White Crisp
0%
William Lawsons
0%
No matching quizzes found
Score Distribution
Percent of People with Each Score
Percentile by Number Answered
Your Score History
You have not taken this quiz